[Event "Havana op"]
[Site "Havana"]
[Date "1994.??.??"]
[Round "6"]
[White "Bezanilla Sanchez, Alexis"]
[Black "Gutierrez Torres, Rogelio"]
[Result "1-0"]
[WhiteElo "2275"]
[BlackElo "2285"]
[PlyCount "75"]
[EventDate "1994.04.??"]
[EventType "swiss"]
[EventRounds "9"]
[EventCountry "CUB"]
[SourceTitle "EXT 1997"]
[Source "ChessBase"]
[SourceDate "1996.11.15"]
[SourceVersion "1"]
[SourceVersionDate "1996.11.15"]
[SourceQuality "1"]

1. d4 Nf6 2. c4 c5 3. d5 e6 4. Nc3 exd5 5. cxd5 d6 6. e4 g6 7. f4 Bg7 8. Bb5+ Nfd7 9. a4 0-0 10. Nf3 Na6 11. 0-0 Nb4 12. Be3 b6 13. Nd2 Nf6 14. h3 a6 15. Bc4 Re8 16. Re1 Nh5 17. g4 Nf6 18. Rc1 Bd7 19. Qf3 Rb8 20. Bf2 b5 21. axb5 axb5 22. Bf1 h5 23. g5 Nh7 24. h4 Bg4 25. Qg3 Qd7 26. Bg2 c4 27. Bf1 Ra8 28. b3 Na2 29. Nxa2 Rxa2 30. Nb1 cxb3 31. Qxb3 Rb2 32. Qd3 f5 33. e5 dxe5 34. d6 Re6 35. fxe5 Rxe5 36. Rxe5 Rxf2 37. Qd5+ Kf8 38. Re7 1-0